Vidrio finlandés contemporáneo = Contemporary Finish Glass. (Record no. 781)

MARC details
000 -CABECERA
campo de control de longitud fija 01047nam a2200241 a 4500
001 - NÚMERO DE CONTROL
campo de control BRCA_887
005 - FECHA Y HORA DE LA ÚLTIMA TRANSACCIÓN
campo de control 20190320203207.0
008 - DATOS DE LONGITUD FIJA--INFORMACIÓN GENERAL
campo de control de longitud fija 311005s1991----fi-a---###---#000-0#eng-d
020 ## - NÚMERO INTERNACIONAL ESTÁNDAR DEL LIBRO
Número Internacional Estándar del Libro 8440493622
050 #4 - SIGNATURA TOPOGRÁFICA DE LA BIBLIOTECA DEL CONGRESO
Número de clasificación NK5157
Número de documento/Ítem .V53
-- 1991
245 10 - MENCIÓN DE TÍTULO
Título Vidrio finlandés contemporáneo = Contemporary Finish Glass.
260 ## - PUBLICACIÓN, DISTRIBUCIÓN, ETC.
Lugar de publicación, distribución, etc. Finlandia
Nombre del editor, distribuidor, etc. Fundación Centro Nacional del Vidrio : Real Fábrica de Cristales de la Granja
Fecha de publicación, distribución, etc. 1991
300 ## - DESCRIPCIÓN FÍSICA
Extensión 93 p.
Otras características físicas il. (algunas a color)
Dimensiones 30 cm.
440 #0 - MENCIÓN DE SERIE/PUNTO DE ACCESO ADICIONAL--TÍTULO
Título v-91
Designación de volumen o secuencia c-3
9 (RLIN) 2952
500 ## - NOTA GENERAL
Nota general Catálogo de la exposición organizada por el Museo de Artes Decorativas de Helsinki y la Fundación Centro Nacional del Vidrio, Real Fábrica de Cristales de la Granja
500 ## - NOTA GENERAL
Nota general Incluye índice de fotografías
546 ## - NOTA DE LENGUA/LENGUAJE
Nota de lengua/lenguaje Texto en : español e inglés
650 14 - PUNTO DE ACCESO ADICIONAL DE MATERIA--TÉRMINO DE MATERIA
Término de materia o nombre geográfico como elemento de entrada Real Fábrica de Cristales
Subdivisión de forma Exposiciones
Subdivisión geográfica Finlandia
9 (RLIN) 2953
650 14 - PUNTO DE ACCESO ADICIONAL DE MATERIA--TÉRMINO DE MATERIA
Término de materia o nombre geográfico como elemento de entrada Industría vidriera
Subdivisión de forma Exposiciones
Subdivisión geográfica Finlandia
9 (RLIN) 2954
710 2# - PUNTO DE ACCESO ADICIONAL--NOMBRE DE ENTIDAD CORPORATIVA
Nombre de entidad corporativa o nombre de jurisdicción como elemento de entrada Museo Nacional de Artes Decorativas de Helsinki
9 (RLIN) 2955
740 0# - PUNTO DE ACCESO ADICIONAL--TÍTULO RELACIONADO O ANALÍTICO NO CONTROLADO
Título relacionado o analítico no controlado Contemporary Finish Glass
942 ## - ELEMENTOS DE PUNTO DE ACCESO ADICIONAL (KOHA)
Fuente del sistema de clasificación o colocación Library of Congress Classification
Tipo de ítem Koha Libros
Holdings
Estado de retiro Estado de pérdida Estado dañado No para préstamo Localización permanente Ubicación/localización actual Fecha de adquisición Total de préstamos Signatura topográfica completa Código de barras Fecha visto por última vez Precio válido a partir de Tipo de ítem Koha
El ejemplar forma parte de la colección y puede ser consultado según las políticas vigentes.       Biblioteca del Museo Franz Mayer (Rogerio Casas-Alatriste) Biblioteca del Museo Franz Mayer (Rogerio Casas-Alatriste) 26/06/2008   NK5157 .V53 1991 01361 22/03/2019 22/03/2019 Libros